Guide pratique de la vinification

Sparad:
Bibliografiska uppgifter
Huvudupphovsman: Christian Foulonneau
Materialtyp: Bok
Språk:Undetermined
Publicerad: Paris Dunod 2002
Ämnen:
Taggar: Lägg till en tagg
Inga taggar, Lägg till första taggen!
Thư viện lưu trữ: Trung tâm Học liệu Trường Đại học Cần Thơ
LEADER 00481nam a2200169Ia 4500
001 CTU_56430
008 210402s9999 xx 000 0 und d
082 |a 663.2 
082 |b F768 
100 |a Christian Foulonneau 
245 0 |a Guide pratique de la vinification 
245 0 |c Christian Foulonneau 
260 |a Paris 
260 |b Dunod 
260 |c 2002 
650 |a fermentation,wine and wine making,grape products 
980 |a Trung tâm Học liệu Trường Đại học Cần Thơ